000 00614nam a2200193 i 4500
003 IT-RoINE
005 20210129061352.0
008 160401s2010 it a||||r|||| 00| 0bita d
040 _aIT-RoINE
100 1 _921403
_aProja, Giovanni Battista
245 1 0 _aSan Policarpo :
_bvescovo di Smirne e martire /
_cGiovanni Battista Proja.
260 _aRoma :
_bBasilica Lateranense,
_c2010.
300 _a45 p. ;
_c24 cm.
336 _2rdacontent
_atext
337 _2rdamedia
_aunmediated
338 _2rdacarrier
_avolume
600 0 4 _923255
_aPolicarpo,
_cSanto, Obispo de Esmirna,
_dm. 155
_xBiografìa
942 _cMTS
999 _c11360
_d11360